00743nam a2200253 a 4500001001300000003000900013005001700022008004100039020001000080082001800090100001900108245005500127260003600182300000900218500003500227505001200262650002300274650001200297700001900309902000800328942000700336952013100343999001500474nice12345678IN_TiNIC20260116012843.0050524s1992 newa grp 000 0 eng  ac12500a305.6297bAHM aAhmed, Akbar S aPostmodernism and Islamb Predicament and Promise. aNew DelhibPenguin Books c1992 a294p aincludes index and biblioraphy2 aIndices aIslam-20th Century aMuslims1 aAhmed, Akbar S bSRS cBK 001040708StackRoom-aHMIbHMId2007-03-27g125.00l1o305.6297 AHMp014948r2019-04-22s2019-04-09v125.00w2005-05-24yBK c8649d8649